Notre Dame All-Time Most Wins - Statistics

General Stats
  • This quiz has been taken 44 times
    20 since last reset
  • The average score is 11 of 21
Answer Stats
Rank Most Recent Win Number of Wins Total Games Played Answer % Correct
1 2025 84 98 Navy
100%
3 2025 53 96 Southern California
94%
6 2024 40 52 Army
88%
14 2018 18 44 Michigan
88%
2 2025 61 82 Purdue
76%
10 2024 25 30 Indiana
71%
5 2017 49 79 Michigan State
71%
13 2025 19 28 Boston College
65%
15 2016 18 28 Miami (FL)
59%
9 2025 25 29 Stanford
59%
19 2024 10 20 Penn State
53%
8 2024 31 38 Georgia Tech
47%
11 2013 24 30 Air Force
41%
4 2025 52 95 Pittsburgh
41%
18 1968 11 12 Illinois
35%
12 2022 22 23 North Carolina
35%
17 1968 13 24 Iowa
29%
7 2018 38 49 Northwestern
29%
16 1941 15 19 Carnegie Mellon
18%
21 1924 10 11 Wabash
18%
20 1989 10 13 Southern Methodist
12%
No matching quizzes found
Score Distribution
Percent of People with Each Score
Percentile by Number Answered
Your Score History
You have not taken this quiz since the last reset